| 000 | 01920nam0a2200301 4500 | ||
|---|---|---|---|
| 001 | RU\NLR\bibl\1527201 | ||
| 005 | 20250616032726.0 | ||
| 010 |
_a978-5-9961-0141-2 _9700 |
||
| 021 |
_aRU _b2010-40020 _92680 |
||
| 035 | _a(NLR Aleph) 001518546 | ||
| 090 |
_a125659 _c125659 |
||
| 100 | _a20100624d2009 |||y0rusy50 ca | ||
| 101 | 0 |
_arus _aeng |
|
| 102 | _aRU | ||
| 105 | _aa ||||||||| | ||
| 200 | 1 |
_aАнглийский язык _iCatering trade: step 1 _iОбщественное питание: шаг 1 _eучебное пособие для студентов высших учебных заведений, обучающихся по специальности ЭПТ-080502 "Экономика и управление на предприятии торговли и общественного питания", ТПП-260501 "Технология продуктов общественного питания" _fС.Б. Кудряшова _gпод общ. ред. доц., к.т.н. Е.Л. Ржевской _gФедер. агентство по образованию, Гос. образоват. учреждение высш. проф. образования "Тюмен. гос. нефтегазовый ун-т" |
|
| 210 |
_aТюмень _cТюмьГНГУ _d2009 |
||
| 215 |
_a160 с. _cил. _d29 |
||
| 606 | 1 |
_aАнглийский язык _xУчебные издания для специалистов в области пищевых производств _92400119 _3RU\NLR\auth\661430734 |
|
| 606 | 1 |
_aАнглийский язык _xУчебные издания для экономистов _92396228 _3RU\NLR\auth\661428668 |
|
| 686 | _aШ143.21-93рус328.3 | ||
| 686 | _aШ143.21-93рус329.3 | ||
| 700 | 1 |
_aКудряшова _bС. Б. _gСветлана Борисовна _4070 |
|
| 801 | 0 |
_aRU _bNLR _c20100624 _gRCR |
|
| 801 | 1 |
_aRU _bNLR _c20100624 |
|
| 942 | _cBOOK | ||
| 980 | _aNB | ||